Statistics for プロセカ曲名クイズ/PJSekai song name quiz

Click here to take the quiz!

General Stats

  • This quiz has been taken 108 times
    (2 since last reset)
  • The average score is 103 of 439

Answer Stats

配信日回答MAS難易度歌唱メンバー(セカイver優先)MV作曲者(敬称略)% Correct
2023/06/10下剋上30鏡音リン、小豆沢こはね、白石杏、東雲彰人、青柳冬弥2DMisumi
100%
2024/01/01強風オールバック28鏡音リン、天馬司、鳳えむ、草薙寧々、神代類原曲ゆこぴ
100%
2023/08/21キラピピ★キラピカ27MEIKO、天馬司、鳳えむ、草薙寧々、神代類2Dnyanyannya(大天才P)
100%
2023/01/19星空オーケストラ29巡音ルカ、天馬司、鳳えむ、草薙寧々、神代類3D水野あつ
100%
2023/12/18難聴系男子が倒せない30鏡音リン3DラマーズP
100%
2023/11/06春嵐30MEIKO、小豆沢こはね、白石杏、東雲彰人、青柳冬弥原曲john
100%
2023/10/31はぐ29鏡音レン、花里みのり、桐谷遥、桃井愛莉、日野森雫2DMIMI
100%
2023/04/17おこちゃま戦争31鏡音リン、鏡音レン、天馬司、草薙寧々3Dギガ
100%
2023/10/12CR詠ZY28巡音ルカ、小豆沢こはね、白石杏、東雲彰人、青柳冬弥2D梅とら
100%
2023/03/11Mr. Showtime31巡音ルカ、天馬司、鳳えむ、草薙寧々、神代類2Dひとしずく×やま△
100%
2023/04/02インタビュア26巡音ルカ原曲クワガタP
50%
2023/04/03私の恋はヘルファイア31MEIKO3DSLAVE.V-V-R
50%
2024/02/03リレイアウター30歌愛ユキ稲葉曇
50%
2021/09/30群青讃歌27初音ミク、星乃一歌、花里みのり、小豆沢こはね、天馬司、宵崎奏3D
2D
Eve
50%
2023/03/30トラッシュ・アンド・トラッシュ!31鏡音リン原曲和田たけあき
50%
2023/04/07深海少女27初音ミク、花里みのり、桐谷遥、桃井愛莉、日野森雫原曲ゆうゆ
50%
2023/03/28ザムザ30KAITO、宵崎奏、朝比奈まふゆ、東雲絵名、暁山瑞希3Dてにをは
50%
2023/04/11相生26MEIKO、星乃一歌、天馬咲希、望月穂波、日野森志歩2Dやいり
50%
2023/03/24アトラクトライト30鏡音レン、星乃一歌、天馬咲希、望月穂波、日野森志歩2D*Luna
50%
2023/04/14名も無き革命29初音ミクシアン・キノ
50%
2024/03/31レッドランドマーカー29MEIKO原曲Twinfield
50%
2024/02/04おどロボ29琴葉茜、琴葉葵、ずんだもん海茶
50%
2023/03/16エピローグに君はいない26初音ミク佐藤原材料
50%
2023/04/04スノーマン29KAITOhalyosy
50%
2023/04/21絶え間なく藍色28KAITO、東雲彰人、青柳冬弥原曲獅子志司
50%
2024/04/02あいのうた29初音ミク、重音テト大漠波新
50%
2024/02/01え?あぁ、そう。30初音ミク、小豆沢こはね、白石杏、東雲彰人、青柳冬弥蝶々P
50%
2021/04/21「1」27巡音ルカ、星乃一歌、天馬咲希、望月穂波、日野森志歩2D164
50%
2024/01/29マーシャル・マキシマイザー29巡音ルカ、小豆沢こはね、白石杏、東雲彰人、青柳冬弥3D柊マグネタイト
50%
2023/06/02人生37初音ミク、鏡音リン、鏡音レン、巡音ルカ、MEIKO、KAITOgcmstyle(アンメルツP)
50%
2022/05/05サラマンダー30初音ミク、東雲彰人、東雲絵名2DDECO*27
50%
2021/05/08シネマ29KAITO、小豆沢こはね、白石杏、東雲彰人、青柳冬弥3D
2D
Ayase
50%
2023/05/29箱庭のコラル27KAITO、天馬司、鳳えむ、草薙寧々、神代類3Dkoyori
50%
2023/05/19シャンティ30KAITO、小豆沢こはね、白石杏、東雲彰人、青柳冬弥原曲wotaku
50%
2023/05/15セツナトリップ32鏡音リン、花里みのり、桃井愛莉原曲Last Note.
50%
2021/06/19トンデモワンダーズ32KAITO、天馬司、鳳えむ、草薙寧々、神代類3D
2D
sasakure.UK
50%
2023/04/24命ばっかり28MEIKO、宵崎奏、朝比奈まふゆ、東雲絵名、暁山瑞希ぬゆり
50%
2023/05/06悪徳のジャッジメント28KAITOmothy
50%
2023/05/05円尾坂の仕立屋28巡音ルカmothy
50%
2021/07/07フロムトーキョー28初音ミク、星乃一歌、天馬咲希、望月穂波、日野森志歩3D夏代孝明
50%
2023/05/04眠らせ姫からの贈り物27初音ミクmothy
50%
2023/05/03悪食娘コンチータ29MEIKOmothy
50%
2023/05/01快晴29MEIKO、星乃一歌、天馬咲希、望月穂波、日野森志歩3D
2D
Orangestar
50%
2023/04/30キティ31鏡音レン、宵崎奏、朝比奈まふゆ、東雲絵名、暁山瑞希2Dツミキ
50%
2023/04/28ももいろの鍵31巡音ルカ、花里みのり、桐谷遥、桃井愛莉、日野森雫3Dいよわ
50%
2023/03/13エゴイスト31MEIKO、小豆沢こはね、白石杏、東雲彰人、青柳冬弥3D大沼パセリ
50%
2024/05/29オペラ!スペースオペラ!30鏡音レン、天馬司、鳳えむ、草薙寧々、神代類3D
2D
ナユタン星人
50%
2024/03/27幾望の月29MEIKO、星乃一歌、天馬咲希、望月穂波、日野森志歩原曲なきゃむりゃ
50%
2022/11/14ラブカ?29MEIKO、天馬司、鳳えむ、草薙寧々、神代類3D柊キライ
50%
2024/03/09ハジメテノオト26初音ミクmalo
50%
2022/12/30ネトゲ廃人シュプレヒコール31初音ミク、鳳えむ、草薙寧々さつき が てんこもり
50%
2022/03/14いーあるふぁんくらぶ28鏡音リン、天馬司、鳳えむ、草薙寧々、神代類3D
2D
みきとP
50%
2022/12/29夜もすがら君想ふ28鏡音リン、星乃一歌、天馬咲希、望月穂波、日野森志歩2DTOKOTOKO
50%
2022/12/25腐れ外道とチョコレゐト34初音ミクピノキオピー
50%
2022/12/19仮死化28MEIKO、小豆沢こはね、白石杏、東雲彰人、青柳冬弥3D遼遼
50%
2024/02/10ハッピーチートデー26初音ミク原曲れるりり
50%
2024/02/18レグルス29KAITO、星乃一歌、天馬咲希、望月穂波、日野森志歩3D
2D
ゆうゆ
50%
2023/01/02気まぐれメルシィ31初音ミク、花里みのり、桐谷遥、桃井愛莉、日野森雫3D八王子P
50%
2024/02/22古書屋敷殺人事件28KAITO、天馬司、鳳えむ、草薙寧々、神代類てにをは
50%
2022/10/03フォニイ29MEIKO、宵崎奏、朝比奈まふゆ、東雲絵名、暁山瑞希2Dツミキ
50%
2024/03/04ド屑28初音ミク、朝比奈まふゆ、東雲絵名原曲なきそ
50%
2024/02/29ラグトレイン27MEIKO、宵崎奏、暁山瑞希原曲稲葉曇
50%
2024/03/01インテグラル28初音ミク、星乃一歌、天馬咲希、望月穂波、日野森志歩3D
2D
*Luna
50%
2022/07/11エイリアンエイリアン29初音ミク、鳳えむ、草薙寧々ナユタン星人
50%
2022/05/20月光29MEIKO、小豆沢こはね、白石杏、東雲彰人、青柳冬弥2Dキタニタツヤ×はるまきごはん
50%
2022/12/31カンタレラ29初音ミク、KAITO原曲黒うさ
50%
2023/01/03それがあなたの幸せとしても26巡音ルカ、宵崎奏、東雲絵名2DHeavens
50%
2023/03/04ヤミナベ!!!!37初音ミクCosMo@暴走P
50%
2023/02/13アイロニ28鏡音レン、宵崎奏、朝比奈まふゆ、東雲絵名、暁山瑞希原曲すこっぷ
50%
2023/03/01パレットには君がいっぱい28初音ミク椎名もた
50%
2023/06/12嗚呼、素晴らしきニャン生29鏡音レン、天馬司、鳳えむ、草薙寧々、神代類Nem
50%
2021/12/10ワールドワイドワンダー28KAITO、花里みのり、桐谷遥、桃井愛莉、日野森雫2DTOKOTOKO
50%
2023/02/27ココロ28鏡音リントラボルタ
50%
2023/02/19ひつじがいっぴき28MEIKO、小豆沢こはね、白石杏、東雲彰人、青柳冬弥2DPeg
50%
2023/02/17私は、私達は。27鏡音レン、花里みのり、桐谷遥、桃井愛莉、日野森雫3DGuiano
50%
2021/12/28フィクサー31天馬司、神代類2Dぬゆり
50%
2023/02/11レイニースノードロップ30KAITO3DRe:nG
50%
2024/03/15アコトバ29初音ミク原口沙輔
50%
2024/02/09世界を照らすテトラッド31初音ミク、天馬司、鳳えむ、草薙寧々、神代類3D
2D
OSTER project
50%
2023/02/07天使の翼。28可不、ゲキヤクA4。
50%
2023/02/06星界ちゃんと可不ちゃんのおつかい合騒曲32可不、星界、東北きりたん南ノ南
50%
2024/03/22嬢王33初音ミク八王子P
50%
2022/01/19にっこり^^調査隊のテーマ31初音ミク、天馬司、鳳えむ、草薙寧々、神代類3D
2D
ワンダフル☆オポチュニティ
50%
2023/01/10夜明けと蛍26初音ミクn-buna
50%
2023/01/05フェレス30初音ミク、MEIKO、小豆沢こはね、白石杏2D
原曲
栗山夕璃(蜂屋ななし)
50%
2023/01/04リンちゃんなう!30初音ミク、鏡音リン、巡音ルカ原曲ガルナ(オワタP)
50%
2023/02/28ストロボラスト28初音ミク椎名もた
50%
2021/05/03幽霊東京27KAITO、東雲彰人、青柳冬弥Ayase
50%
2023/06/16スターダストメドレー30初音ミクきさら
50%
2023/10/25我儘姫30初音ミク、鳳えむ、草薙寧々ふじを
50%
2020/09/30セカイ27初音ミク、星乃一歌、天馬司、宵崎奏3DDECO*27×堀江晶太(kemu)
50%
2020/09/30ワーワーワールド29初音ミク、花里みのり、小豆沢こはね3DGiga×Mitchie M
50%
2020/10/01アスノヨゾラ哨戒班29星乃一歌原曲Orangestar
50%
2023/11/22キュートなカノジョ30巡音ルカ、宵崎奏、東雲絵名原曲syudou
50%
2023/11/01トワイライトライト26初音ミク、宵崎奏、朝比奈まふゆ、東雲絵名、暁山瑞希3D
2D
とあ
50%
2024/05/07おちゃめ機能30鏡音レン、天馬司、鳳えむ、草薙寧々、神代類ゴジマジP
50%
2023/10/23悪役にキスシーンを29KAITO、花里みのり、桐谷遥、桃井愛莉、日野森雫3D40mP
50%
2023/12/04さよならプリンセス30初音ミク、花里みのり、桐谷遥、桃井愛莉、日野森雫原曲Kai
50%
2023/10/10神っぽいな29初音ミク、宵崎奏、朝比奈まふゆ、東雲絵名、暁山瑞希原曲ピノキオピー
50%
2023/10/09番凩27MEIKO、KAITOhinayukki@仕事してP
50%
2023/06/20チームメイト30鏡音レン、花里みのり、桐谷遥、桃井愛莉、日野森雫2DHoneyWorks
50%
2023/10/08すきなことだけでいいです31初音ミク、鳳えむ、神代類3Dピノキオピー
50%
2023/10/07デビルじゃないもん29初音ミク原曲DECO*27×ピノキオピー
50%
2024/05/03超最終鬼畜妹フランドール・S32Inst. ver.ビートまりお×まろん
50%
2023/10/06恋は戦争27初音ミク、小豆沢こはね、白石杏ryo
50%
2023/11/28フィラメントフィーバー29MEIKO、天馬司、鳳えむ、草薙寧々、神代類3D
2D
栗山夕璃
50%
2024/05/13東京テディベア32鏡音リン、星乃一歌、天馬咲希、望月穂波、日野森志歩3DNeru
50%
2023/10/03まにまに29初音ミク原曲r-906
50%
2024/05/24だめにんげんだ!30初音ミク、花里みのり、桐谷遥、桃井愛莉、日野森雫薄塩指数
50%
2024/01/09ハイドアンド・シーク28初音ミク、星乃一歌、望月穂波19 -iku-
50%
2020/09/30初音ミクの消失35初音ミクCosMo@暴走P
50%
2024/01/05くうになる29MEIKO、花里みのり、桐谷遥、桃井愛莉、日野森雫原曲MIMI
50%
2024/01/04『んっあっあっ。』28初音ミク原曲SLAVE.V-V-R
50%
2024/01/03エンヴィーベイビー28鏡音リン、宵崎奏、朝比奈まふゆ、東雲絵名、暁山瑞希3DKanaria
50%
2024/01/02ヒアソビ31初音ミク原曲かめりあ
50%
2023/12/31一千光年30初音ミク、flower、歌愛ユキ、GUMI、可不、星界、足立レイ、裏命、花隈千冬、VY1、SOLARIA原曲いよわ
50%
2020/09/30アイドル新鋭隊29初音ミク、花里みのり、桐谷遥、桃井愛莉、日野森雫3DMitchie M
50%
2023/12/30金木犀29鏡音レン、小豆沢こはね、白石杏、東雲彰人、青柳冬弥原曲くじら
50%
2020/09/30フラジール28東雲彰人、青柳冬弥3D
2D
ぬゆり
50%
2023/12/28初めての恋が終わる時29初音ミク、星乃一歌、天馬咲希、望月穂波、日野森志歩ryo
50%
2023/12/25スロウダウナー30初音ミク、宵崎奏、朝比奈まふゆ、東雲絵名、暁山瑞希原曲ろくろ
50%
2023/12/22オーバーコード30初音ミクいえぬ
50%
2023/12/12ショウタイム×オーディエンス30初音ミク瀬名航
50%
2024/05/17熱異常32KAITO、宵崎奏、朝比奈まふゆ、東雲絵名、暁山瑞希3Dいよわ
50%
2023/10/04メランコリック27鏡音リン、花里みのり、桐谷遥、桃井愛莉、日野森雫原曲Junky
50%
2022/05/04徳川カップヌードル禁止令31ミクダヨー、鏡音レン、KAITO、草薙寧々、ネネロボ2DMitchie M
50%
2023/10/02天樂29鏡音リン、星乃一歌、日野森志歩原曲ゆうゆ
50%
2023/07/21星を繋ぐ28KAITO、星乃一歌、天馬咲希、望月穂波、日野森志歩2D一二三×40mP
50%
2023/08/15サマータイムレコード28巡音ルカ、星乃一歌、天馬咲希じん
50%
2023/08/04ずんだパーリナイ31ずんだもんなみぐる
50%
2023/08/19リアライズ29初音ミク、小豆沢こはね、白石杏、東雲彰人、青柳冬弥3D柊マグネタイト
50%
2023/08/03新人類31鏡音リンまらしぃ×じん×kemu
50%
2023/08/25ボトルケーキ28鏡音リンライブP
50%
2023/08/31ブループラネット30初音ミク3DDECO*27
50%
2023/08/01我らステインバスターズ!28初音ミク、鏡音リン、花里みのり、桐谷遥、桃井愛莉、日野森雫2D真島ゆろ
50%
2024/04/19おぎゃりないざー34初音ミクPonchi♪
50%
2024/04/28すれすれ26MEIKO、星乃一歌、天馬咲希、望月穂波、日野森志歩3D
2D
すこっぷ
50%
2024/04/15酔いどれ知らず28MEIKO、小豆沢こはね、白石杏、東雲彰人、青柳冬弥3DKanaria
50%
2023/07/24脳内革命ガール31初音ミク、小豆沢こはね、白石杏、東雲彰人、青柳冬弥3DMARETU
50%
2024/04/10私は雨28鏡音レン、宵崎奏、朝比奈まふゆ、東雲絵名、暁山瑞希2D稲葉曇
50%
2024/04/22シルバーコレクター31巡音ルカShu
50%
2023/07/19演劇28巡音ルカ、宵崎奏、朝比奈まふゆ、東雲絵名、暁山瑞希3Dナノウ
50%
2024/04/30烈火27巡音ルカ、小豆沢こはね、白石杏、東雲彰人、青柳冬弥2Dniki
50%
2023/09/11白い雪のプリンセスは29初音ミク、花里みのり、桐谷遥、桃井愛莉、日野森雫3Dのぼる↑
50%
2023/07/14心拍ペアリング28初音ミク雪乃イト
50%
2024/01/23サイバーパンクデッドボーイ30鏡音リン、天馬司、鳳えむ、草薙寧々、神代類2DマイキP
50%
2023/07/12太陽系デスコ28初音ミク、天馬司、鳳えむ、草薙寧々、神代類原曲ナユタン星人
50%
2023/07/03きゅうくらりん31MEIKO、花里みのり、桐谷遥、桃井愛莉、日野森雫原曲
2D
いよわ
50%
2023/06/26とても素敵な六月でした29初音ミク、宵崎奏、朝比奈まふゆ、東雲絵名、暁山瑞希3DEight
50%
2024/04/04だんだん早くなる28初音ミク40mP
50%
2021/03/30初音ミクの激唱34初音ミクCosMo@暴走P
50%
2023/10/01アイムマイン29初音ミク、鏡音リン、鏡音レン、巡音ルカ、MEIKO、KAITO3Dhalyosy
50%
2020/11/19モア!ジャンプ!モア!31初音ミク、花里みのり、桐谷遥、桃井愛莉、日野森雫2Dナユタン星人
50%
2021/01/01千本桜32初音ミク黒うさ
50%
2024/03/251000年生きてる28巡音ルカ、天馬司、鳳えむ、草薙寧々、神代類3Dいよわ
50%
2023/02/15192528初音ミク、天馬司、鳳えむ、草薙寧々、神代類T-POCKET
50%
2024/03/18幽光、1/fのゆらめき29初音ミク卯花ロク
50%
2023/12/2925時の情熱25KAITO、宵崎奏、朝比奈まふゆ、東雲絵名、暁山瑞希3D
2D
カンザキイオリ
50%
2023/03/093929初音ミク原曲DECO*27×sasakure.UK
50%
2023/07/07Afterglow27巡音ルカ3DジミーサムP
50%
2024/05/04Bad Apple!! feat.SEKAI29初音ミク、宵崎奏、朝比奈まふゆ、東雲絵名、暁山瑞希2Dビートまりお×まろん×まらしぃ
50%
2023/04/01Be The MUSIC!29「All Music MIKUdemy」一同2Dキノシタ
50%
2023/12/08Beyond the way28初音ミク、小豆沢こはね、白石杏、東雲彰人、青柳冬弥3D
2D
Giga
50%
2024/03/28blender27MEIKO、小豆沢こはね、白石杏、東雲彰人、青柳冬弥3Dこめだわら×R Sound Design
50%
2023/05/26Blue Star29初音ミク原曲八王子P
50%
2023/03/07Booo!29鏡音リン、花里みのり、桐谷遥、桃井愛莉、日野森雫2DTOKOTOKO
50%
2023/09/04CIRCUS PANIC!!!32初音ミクサツキ
50%
2023/10/16Cool Me Down29巡音ルカMwk
50%
2023/08/10Disco No.3930初音ミクRulmry
50%
2024/03/11flos27初音ミク、花里みのり、桐谷遥、桃井愛莉、日野森雫3DR Sound Design
50%
2023/01/21Flyway29鏡音レン、星乃一歌、天馬咲希、望月穂波、日野森志歩2Dhalyosy
50%
2023/01/01FREELY TOMORROW29初音ミク原曲Mitchie M
50%
2023/06/23glow26初音ミク、星乃一歌、天馬咲希、望月穂波、日野森志歩3Dkeeno
50%
2023/02/01Goodbye26初音ミク原曲Circus-P
50%
2023/02/20Hello, Worker28巡音ルカ、星乃一歌、天馬咲希、望月穂波、日野森志歩3Dハヤシケイ
50%
2024/05/05Help me, ERINNNNNN!!30初音ミク、鏡音リン、鏡音レン、巡音ルカ、MEIKO、KAITO2Dビートまりお×まろん
50%
2023/09/01HERO31初音ミク原曲Ayase
50%
2024/05/20I know 愛脳.31初音ミク吉田夜世
50%
2024/02/27JUMPIN' OVER !28初音ミク、花里みのり、桐谷遥、桃井愛莉、日野森雫3D
2D
r-906
50%
2024/02/16limbo31初音ミク椎乃味醂
50%
2024/01/25MarbleBlue.33Inst. ver.MisoilePunch♪
50%
2024/01/15MOTTO!!!27初音ミク、花里みのり、桐谷遥、桃井愛莉、日野森雫3D
2D
Junky
50%
2023/09/30NEO29初音ミク、星乃一歌、花里みのり、小豆沢こはね、天馬司、宵崎奏3D
2D
じん
50%
2023/11/13On&On27MEIKOめろくる
50%
2023/01/23p.h.29flower原曲SEVENTHLINKS
50%
2020/11/07potatoになっていく29初音ミク、天馬司、鳳えむ、草薙寧々、神代類3D
2D
Neru
50%
2023/10/26purpose28鏡音リン、星乃一歌、天馬咲希、望月穂波、日野森志歩3D
2D
doriko
50%
2023/03/02Q28鏡音リン椎名もた
50%
2024/01/18Sage32Inst. ver.かめりあ
50%
2023/02/04SnowMix♪30初音ミク原曲まらしぃ
50%
2024/01/22心泥夢(syndrome)31初音ミク宮守文学
50%
2023/06/28UNDERWATER29初音ミク原曲Hylen
50%
2023/03/31Vampire's ∞ pathoS31鏡音レン原曲ひとしずく×やま△
50%
2022/12/23What's up? Pop!37初音ミクCapchii
50%
2023/02/24Where shall we go?26鏡音リン、鏡音レンめろくる
50%
2023/10/05豚になって yeah yeah28鏡音レン3DNeru
50%
2022/05/08イフ27初音ミク、花里みのり、桐谷遥、桃井愛莉、日野森雫3D
2D
ユリイ・カノン
0%
2021/04/05お気に召すまま29鏡音レン、天馬司、鳳えむ、草薙寧々、神代類3DEve
0%
2024/04/03ガーネットの涙28KAITO原曲香椎モイミ
0%
2021/05/01夜に駆ける30初音ミク、宵崎奏Ayase
0%
2021/04/26花を唄う30初音ミクシノ
0%
2021/04/19アイディスマイル28MEIKO、宵崎奏、朝比奈まふゆ、東雲絵名、暁山瑞希3D
2D
とあ
0%
2021/04/12どりーみんチュチュ27巡音ルカ、花里みのり、桐谷遥、桃井愛莉、日野森雫2Demon(Tes.)
0%
2021/03/09みくみくにしてあげる♪【してやんよ】28初音ミクika_mo
0%
2021/03/30天使のクローバー31鏡音リン、花里みのり、桐谷遥、桃井愛莉、日野森雫3DDIVELA
0%
2021/03/15威風堂々28KAITO、東雲彰人、青柳冬弥3D
2D
梅とら
0%
2021/03/06ボッカデラベリタ29朝比奈まふゆ、暁山瑞希2D柊キライ
0%
2021/02/28ワンスアポンアドリーム28鏡音レン、天馬司、鳳えむ、草薙寧々、神代類2DYASUHIRO(康寛)
0%
2021/02/26限りなく灰色へ31鏡音リン、宵崎奏、朝比奈まふゆ、東雲絵名、暁山瑞希3Dすりぃ
0%
2021/02/19ポジティブ☆ダンスタイム31鏡音リン、鳳えむ、草薙寧々2Dキノシタ
0%
2021/02/10タイムマシン27初音ミク、星乃一歌、天馬咲希3D
2D
164×40mP
0%
2021/02/06ミルククラウン・オン・ソーネチカ30初音ミク、花里みのり、日野森雫2Dユジー
0%
2021/01/18ヒビカセ28初音ミク原曲ギガ
0%
2021/05/21アイノマテリアル26MEIKO、花里みのり、桐谷遥、桃井愛莉、日野森雫2DJunky
0%
2021/06/07ロミオとシンデレラ28初音ミク、桃井愛莉、日野森雫3Ddoriko
0%
2023/05/22エターナルアリア30初音ミクAdeliae
0%
2021/08/23チルドレンレコード32鏡音レン、小豆沢こはね、白石杏、東雲彰人、青柳冬弥3Dじん
0%
2021/10/05拝啓ドッペルゲンガー32GUMIkemu
0%
2021/10/04ベノム29東雲絵名、暁山瑞希かいりきベア
0%
2021/10/03マシンガンポエムドール35初音ミク2DCosMo@暴走P
0%
2021/10/02ロストワンの号哭33鏡音リン、星乃一歌、日野森志歩3D
2D
Neru
0%
2021/10/01炉心融解27鏡音リンiroha(sasaki)
0%
2021/09/29再生26鏡音リン、宵崎奏、朝比奈まふゆ、東雲絵名、暁山瑞希3Dピコン
0%
2023/04/10魔法みたいなミュージック!31初音ミク原曲OSTER project
0%
2021/09/21カトラリー29初音ミク、宵崎奏、朝比奈まふゆ原曲
2D
有機酸
0%
2021/09/10流星のパルス31MEIKO、星乃一歌、天馬咲希、望月穂波、日野森志歩2D*Luna
0%
2021/08/18アイスドロップ27鏡音レン、花里みのり、桐谷遥、桃井愛莉、日野森雫3DAqu3ra
0%
2021/05/28いかないで29初音ミク、星乃一歌、天馬咲希、望月穂波、日野森志歩3D想太
0%
2021/08/15カゲロウデイズ31初音ミク、星乃一歌、天馬咲希、望月穂波、日野森志歩じん
0%
2021/08/06そうだった!!31初音ミクタケノコ少年
0%
2021/07/28ビターチョコデコレーション31初音ミク、宵崎奏、朝比奈まふゆ、東雲絵名、暁山瑞希3D
2D
syudou
0%
2021/07/19地球最後の告白を31巡音ルカ、桐谷遥、日野森雫2Dkemu
0%
2021/07/12六兆年と一夜物語35初音ミク、星乃一歌2Dkemu
0%
2021/06/30トラフィック・ジャム28鏡音リン、小豆沢こはね、白石杏、東雲彰人、青柳冬弥2D
原曲
煮ル果実
0%
2021/06/21カナデトモスソラ26巡音ルカ、宵崎奏、朝比奈まふゆ、東雲絵名、暁山瑞希2Dササノマリイ
0%
2021/06/14泡沫未来30初音ミク加賀(ネギシャワーP)
0%
2021/01/10霽れを待つ31初音ミク、星乃一歌、天馬咲希、望月穂波、日野森志歩2DOrangestar
0%
2021/01/14ワールズエンド・ダンスホール30初音ミクwowaka
0%
2021/01/04ブレス・ユア・ブレス29初音ミク原曲和田たけあき
0%
2021/01/05とても痛い痛がりたい28初音ミク、朝比奈まふゆ、東雲絵名EZFG
0%
2020/09/30シャルル28東雲絵名、暁山瑞希3Dバルーン
0%
2020/10/06ワールドイズマイン29初音ミクryo
0%
2020/10/05命に嫌われている。30初音ミク、宵崎奏2Dカンザキイオリ
0%
2020/10/04脱法ロック31鏡音レン、天馬司、神代類原曲Neru
0%
2024/05/10ときめきジェットコースター31初音ミクpicco
0%
2020/10/02ニア27初音ミク、花里みのり、桐谷遥3D夏代孝明
0%
2020/09/30悔やむと書いてミライ30初音ミク、宵崎奏、朝比奈まふゆ、東雲絵名、暁山瑞希3Dまふまふ
0%
2020/09/30セカイはまだ始まってすらいない29初音ミク、天馬司、鳳えむ、草薙寧々、神代類3Dピノキオピー
0%
2020/09/30自傷無色26初音ミク、宵崎奏、朝比奈まふゆ3D
2D
ササノマリイ
0%
2020/09/30ハロ/ハワユ27初音ミク、朝比奈まふゆ、東雲絵名ナノウ
0%
2020/09/30ぼうけんのしょがきえました!31鏡音リン、鏡音レン、天馬司、鳳えむ2D
原曲
じーざす
0%
2020/10/09夜咄ディセイブ30鏡音レン、東雲彰人、青柳冬弥原曲じん
0%
2020/09/30スイートマジック27鏡音レン、天馬司、鳳えむ、草薙寧々、神代類3D
2D
Junky
0%
2020/09/30ブリキノダンス30鏡音レン、天馬司、神代類3D日向電工
0%
2020/09/30ドクター=ファンクビート32KAITO、東雲彰人、青柳冬弥2Dnyanyannya(大天才P)
0%
2020/09/30劣等上等30鏡音リン、鏡音レン、小豆沢こはね、白石杏3DGiga
0%
2020/09/30ツギハギスタッカート28初音ミク、桃井愛莉、日野森雫3Dとあ
0%
2020/09/30ハッピーシンセサイザ28花里みのり、桐谷遥、桃井愛莉、日野森雫3D
2D
EasyPop
0%
2020/09/30テオ32初音ミク、星乃一歌3DOmoi
0%
2020/09/30ロキ29初音ミク、星乃一歌3DみきとP
0%
2020/09/30メルト29初音ミクryo
0%
2020/10/07ダンスロボットダンス30初音ミク、鳳えむ、草薙寧々3D
2D
ナユタン星人
0%
2020/10/11ビバハピ29初音ミク、花里みのり、桐谷遥、桃井愛莉、日野森雫2DMitchie M
0%
2022/05/10ブラック★ロックシューター27初音ミク原曲ryo
0%
2020/11/30愛されなくても君がいる27初音ミク原曲ピノキオピー
0%
2021/01/03チュルリラ・チュルリラ・ダッダッダ!31天馬司、鳳えむ、草薙寧々、神代類3D
2D
和田たけあき
0%
2020/12/31*ハロー、プラネット29初音ミク原曲sasakure.UK
0%
2020/12/30恋愛裁判28初音ミク、花里みのり、桃井愛莉2D
原曲
40mP
0%
2020/12/29グリーンライツ・セレナーデ31初音ミク原曲Omoi
0%
2023/08/28心做し26鏡音レン、宵崎奏、朝比奈まふゆ蝶々P
0%
2020/12/28ドラマツルギー29初音ミク、星乃一歌原曲Eve
0%
2020/12/20ニジイロストーリーズ29MEIKO、KAITO、草薙寧々、神代類2DOSTER project
0%
2020/12/14独りんぼエンヴィー26初音ミク、宵崎奏、暁山瑞希3D
2D
koyori
0%
2020/12/01ウミユリ海底譚28初音ミク、星乃一歌、望月穂波3D
2D
n-buna
0%
2023/09/25ラッキー☆オーブ28初音ミク原曲emon(Tes.)
0%
2020/10/12ジャンキーナイトタウンオーケストラ31鏡音レンすりぃ
0%
2020/11/23アンノウン・マザーグース30初音ミクwowaka
0%
2020/11/21裏表ラバーズ30初音ミクwowaka
0%
2020/11/14ローリンガール31初音ミクwowaka
0%
2020/11/01乙女解剖28初音ミク、朝比奈まふゆ、暁山瑞希2D
原曲
DECO*27
0%
2020/10/25メルティランドナイトメア27初音ミク、花里みのり、桐谷遥、桃井愛莉、日野森雫3Dはるまきごはん
0%
2020/10/20ジャックポットサッドガール29初音ミク、宵崎奏、朝比奈まふゆ、東雲絵名、暁山瑞希2D
原曲
syudou
0%
2020/10/18ステラ30初音ミク、星乃一歌、天馬咲希、望月穂波、日野森志歩3Dじん
0%
2020/10/17青く駆けろ!27初音ミク、星乃一歌まらしぃ
0%
2020/10/15携帯恋話29初音ミク、東雲絵名、暁山瑞希2Dまふまふ
0%
2020/10/13ミラクルペイント30初音ミク、天馬司、鳳えむ、草薙寧々、神代類2D
原曲
OSTER project
0%
2021/10/06テレキャスタービーボーイ29鏡音レン、天馬司、鳳えむ、草薙寧々、神代類2D
原曲
すりぃ
0%
2021/10/07トキヲ・ファンカ28GUMItakamatt
0%
2021/10/08悪魔の踊り方31鏡音リン、小豆沢こはね、白石杏、東雲彰人、青柳冬弥3D
2D
キタニタツヤ
0%
2022/10/05インビジブル32鏡音リン、GUMIkemu
0%
2022/04/25ダーリンダンス30初音ミク、花里みのり、桐谷遥2Dかいりきベア
0%
2022/09/12ジェヘナ31初音ミク、東雲絵名、暁山瑞希2D
原曲
wotaku
0%
2020/09/30ネクストネスト30初音ミクさつき が てんこもり
0%
2022/09/20虚ろを扇ぐ27KAITO、小豆沢こはね、白石杏、東雲彰人、青柳冬弥2D獅子志司
0%
2024/03/08明鏡止水28初音ミク旅路
0%
2022/10/01天ノ弱29星乃一歌、天馬咲希、望月穂波、日野森志歩2D164
0%
2022/10/02アンハッピーリフレイン31初音ミクwowaka
0%
2022/10/04ダブルラリアット27巡音ルカアゴアニキ
0%
2022/10/06エゴロック31鏡音レン、天馬司、鳳えむ、草薙寧々、神代類3Dすりぃ
0%
2022/08/29君の夜をくれ26巡音ルカ、宵崎奏、朝比奈まふゆ、東雲絵名、暁山瑞希3D古川本舗
0%
2022/10/08トリノコシティ27初音ミク、桐谷遥、日野森雫40mP
0%
2022/10/09こちら、幸福安心委員会です。28初音ミクうたたP
0%
2022/04/04千年の独奏歌27KAITOyanagi
0%
2022/04/03ピアノ×フォルテ×スキャンダル30MEIKOOSTER project
0%
2022/10/21どんな結末がお望みだい?28初音ミク、天馬司、鳳えむ、草薙寧々、神代類2Dぷす(fromツユ)
0%
2022/10/28泥中に咲く26初音ミク、宵崎奏、暁山瑞希2D針原翼(はりーP)
0%
2021/10/09だれかの心臓になれたなら29GUMI原曲ユリイ・カノン
0%
2022/11/01帝国少女28初音ミク、小豆沢こはね、白石杏2DR Sound Design
0%
2022/04/02ルカルカ★ナイトフィーバー29巡音ルカsamfree
0%
2022/09/02フューチャー・イヴ32初音ミク原曲Sasakure.UK
0%
2022/08/26それでもいいんだよ29初音ミクPonchi♪
0%
2024/02/13十六歳の心臓31初音ミクTakoyakiKZY
0%
2022/06/24未完成讃歌31初音ミクしゃいと
0%
2022/05/13妄想感傷代償連盟27初音ミク、宵崎奏、東雲絵名原曲
2D
DECO*27
0%
2022/05/16リモコン29鏡音リン、鏡音レン、鳳えむ、草薙寧々じーざす
0%
2022/05/03コスモスパイス31初音ミク、天馬咲希、天馬司2Dピノキオピー
0%
2022/05/23アサガオの散る頃に26初音ミク、星乃一歌、望月穂波原曲ぷす(fromツユ)
0%
2022/05/02青色絵具27初音ミク、日野森志歩、日野森雫2Dくじら
0%
2022/06/06阿吽のビーツ29東雲彰人、青柳冬弥原曲羽生まゐご
0%
2022/06/10バグ32鏡音レン、宵崎奏、朝比奈まふゆ、東雲絵名、暁山瑞希2Dかいりきベア
0%
2022/06/13グッバイ宣言30天馬司、鳳えむ、草薙寧々、神代類2DChinozo
0%
2022/06/20ヴァンパイア30初音ミク、花里みのり、桐谷遥、桃井愛莉、日野森雫3D
2D
DECO*27
0%
2022/06/28星空のメロディー27MEIKO、天馬司、鳳えむ、草薙寧々、神代類3Dぽりふぉ
0%
2022/04/28オーダーメイド26巡音ルカ、星乃一歌、天馬咲希、望月穂波、日野森志歩3D傘村トータ
0%
2022/06/30脳漿炸裂ガール32初音ミク原曲れるりり
0%
2022/07/04メリュー26初音ミク、宵崎奏、朝比奈まふゆ3Dn-buna
0%
2022/05/01アイデンティティ31初音ミク、宵崎奏2DKanaria
0%
2022/07/1927鏡音リン、小豆沢こはね、白石杏、東雲彰人、青柳冬弥3Djon-YAKITORY
0%
2022/07/21てらてら30初音ミク、星乃一歌、天馬咲希、望月穂波、日野森志歩2D和田たけあき
0%
2022/07/30フロイライン=ビブリォチカ31MEIKOnyanyannya(大天才P)
0%
2022/08/08踊れオーケストラ28巡音ルカ、天馬司、鳳えむ、草薙寧々、神代類2DYASUHIRO(康寛)
0%
2022/08/10パラソルサイダー30巡音ルカ、花里みのり、桐谷遥、桃井愛莉、日野森雫2Dナナホシ管弦楽団
0%
2022/08/15ロストエンファウンド29初音ミク、星乃一歌、天馬咲希、望月穂波、日野森志歩3Dsasakure.UK
0%
2022/04/01砂の惑星27初音ミク原曲ハチ
0%
2022/10/31いちにのさんで26初音ミクnogumi
0%
2022/03/31ドーナツホール29GUMI原曲ハチ
0%
2021/12/14悪ノ召使27鏡音レンmothy
0%
2022/11/21パラジクロロベンゼン28鏡音リン、鏡音レンガルナ(オワタP)
0%
2022/01/08エンドマークに希望と涙を添えて35Inst. ver.原曲CosMo@暴走P
0%
2022/01/03ガランド28鏡音レン、東雲彰人、青柳冬弥ピコン
0%
2022/01/02少女レイ27初音ミク、桐谷遥、日野森雫3D
2D
みきとP
0%
2021/12/31ヴィラン29朝比奈まふゆ、暁山瑞希3D
2D
てにをは
0%
2021/12/30ゴーストルール33初音ミク、星乃一歌DECO*27
0%
2021/12/29ミライ28巡音ルカ、小豆沢こはね、白石杏、東雲彰人、青柳冬弥3D
2D
有機酸
0%
2021/12/20ラストスコア30初音ミクせきこみごはん
0%
2021/12/15去り人達のワルツ28鏡音リンmothy
0%
2021/12/13悪ノ娘27鏡音リンmothy
0%
2022/02/0429小豆沢こはね、白石杏原曲Giga
0%
2021/11/29からくりピエロ27初音ミク、花里みのり、桐谷遥、桃井愛莉、日野森雫3D
2D
40mP
0%
2021/11/10オルターエゴ31初音ミク、小豆沢こはね、白石杏、東雲彰人、青柳冬弥2DMisumi
0%
2021/11/05初音天地開闢神話33初音ミク原曲CosMo@暴走P
0%
2021/10/31ロウワー31MEIKO、宵崎奏、朝比奈まふゆ、東雲絵名、暁山瑞希2Dぬゆり
0%
2021/10/29ショウタイム・ルーラー31鏡音リン、天馬司、鳳えむ、草薙寧々、神代類3D烏屋茶房
0%
2021/10/22しっくおぶはうす!30鏡音リン、鏡音レンオゾン
0%
2024/03/30えれくとりっく・えんじぇぅ29初音ミクヤスオ
0%
2021/10/11右肩の蝶31鏡音レンのりぴー
0%
2021/10/10マシュマリー29初音ミク、花里みのり、桃井愛莉2DMIMI
0%
2022/01/31うっせぇわ28朝比奈まふゆ、暁山瑞希原曲syudou
0%
2022/01/21トリコロージュ28初音ミク、宵崎奏、朝比奈まふゆ、東雲絵名、暁山瑞希2D煮ル果実
0%
2022/05/30神のまにまに29初音ミク、天馬司、鳳えむ、草薙寧々、神代類3Dれるりり
0%
2022/03/22雨とペトラ29鏡音レン、東雲彰人、青柳冬弥バルーン
0%
2022/11/25星屑ユートピア30巡音ルカotetsu
0%
2022/11/26フレー30初音ミク、星乃一歌、日野森志歩2DHoneyWorks
0%
2022/11/28あったかいと29KAITOhalyosy
0%
2022/11/30フロート・プランナー27鏡音リン、花里みのり、桐谷遥、桃井愛莉、日野森雫2DHeavens
0%
2022/12/05ノンブレス・オブリージュ30初音ミク、宵崎奏、朝比奈まふゆ、東雲絵名、暁山瑞希3Dピノキオピー
0%
2022/12/09ロンリーユニバース27初音ミク、花里みのり、桐谷遥2DAqu3ra
0%
2022/12/12陽だまりのセツナ28初音ミク赤乃わい
0%
2022/03/30マトリョシカ30初音ミク、GUMI原曲ハチ
0%
2022/02/05君色マリンスノウ31初音ミク原曲カルロス袴田(サイゼP)
0%
2022/03/28ノマド26鏡音リン、宵崎奏、朝比奈まふゆ、東雲絵名、暁山瑞希3Dバルーン
0%
2022/03/11メタモリボン26鏡音リン、花里みのり、桐谷遥、桃井愛莉、日野森雫2Demon(Tes.)
0%
2022/02/24ナンセンス文学29鏡音レン、天馬司、神代類2D
原曲
Eve
0%
2022/02/07愛して愛して愛して28初音ミク、朝比奈まふゆ、東雲絵名3D
2D
きくお
0%
2022/03/04僕らまだアンダーグラウンド28初音ミク、星乃一歌、日野森志歩2D
原曲
Eve
0%
2022/03/02心予報28初音ミク、花里みのり、桐谷遥、桃井愛莉、日野森雫2D
原曲
Eve
0%
2022/02/21ジウダス28KAITOすこやか大聖堂
0%
2022/01/24心拍数♯082227初音ミク、星乃一歌、望月穂波2D蝶々P
0%
2022/01/01サンドリヨン 10th Anniversary29初音ミクDios/シグナルP
0%
2022/07/01ぼくらの16bit戦争33初音ミク原曲sasakure.UK
0%
2020/10/1639みゅーじっく28初音ミク原曲みきとP
0%
2022/04/1188☆彡29KAITO、天馬司、鳳えむ、草薙寧々、神代類2Dまらしぃ×kemu(堀江晶太)
0%
2020/09/30alive27鏡音リン市瀬るぽ
0%
2022/10/11ÅMARA(大未来電脳)34初音ミク2DSasakure.UK
0%
2023/11/10ARQETYPE31MEIKOSohbana
0%
2022/05/31Awake Now30初音ミク、小豆沢こはね、白石杏、東雲彰人、青柳冬弥2D雄之助
0%
2022/10/07Bad ∞ End ∞ Night29初音ミク、鏡音リン、鏡音レン、巡音ルカ、MEIKO、KAITO、GUMI、神威がくぽ原曲ひとしずく×やま△
0%
2021/07/09Beat Eater29鏡音レン、小豆沢こはね、白石杏、東雲彰人、青柳冬弥2Dポリスピカデリー
0%
2020/09/30Blessing27初音ミク、鏡音リン、鏡音レン、巡音ルカ、MEIKO、KAITO原曲halyosy
0%
2021/02/22Brand New Day32初音ミクいるかアイス
0%
2022/09/16Calc.30初音ミク、星乃一歌、日野森志歩ジミーサムP
0%
2022/11/04Change me28MEIKOshu-t
0%
2021/01/29Color of Drops28巡音ルカ、花里みのり、桐谷遥、桃井愛莉、日野森雫3D40mP
0%
2023/02/10Copycat26初音ミク原曲Circus-P
0%
2022/10/10DAYBREAK FRONTLINE29初音ミク、小豆沢こはね、白石杏、東雲彰人、青柳冬弥3D
2D
Orangestar
0%
2023/10/11Dear28初音ミク原曲19 -iku-
0%
2023/07/28Decade30初音ミクDixie Flatline
0%
2022/01/10Don't Fight The Music35Inst. ver.黒魔
0%
2022/10/19DREAM PLACE29MEIKO、花里みのり、桐谷遥、桃井愛莉、日野森雫3DEasyPop
0%
2021/02/15drop pop candy29鏡音リン、巡音ルカ、小豆沢こはね、白石杏3Dギガ
0%
2021/01/02ECHO26巡音ルカ、小豆沢こはね、白石杏、東雲彰人、青柳冬弥2DCrusher P
0%
2022/02/16Flyer!29鏡音レン、小豆沢こはね、白石杏、東雲彰人、青柳冬弥3D
2D
Chinozo
0%
2024/01/11folern32Inst. ver.ぬゆり
0%
2020/12/08Forward28初音ミク、小豆沢こはね、白石杏、東雲彰人、青柳冬弥3D
2D
R Sound Design
0%
2021/03/22from Y to Y27初音ミク、星乃一歌、天馬咲希、望月穂波、日野森志歩ジミーサムP
0%
2020/10/10Gimme×Gimme29初音ミク八王子P×Giga
0%
2021/08/20Glory Steady Go!29巡音ルカ、天馬司、鳳えむ、草薙寧々、神代類2Dキノシタ
0%
2020/10/08Hand in Hand28初音ミク原曲kz(livetune)
0%
2021/10/30Happy Halloween31鏡音リン、花里みのり、桐谷遥、桃井愛莉、日野森雫原曲Junky
0%
2021/10/13Hello,world!29初音ミク、星乃一歌、天馬咲希、望月穂波、日野森志歩2D藤原基央
0%
2023/03/20Highlight28初音ミク原曲KIRA
0%
2022/11/20Iなんです31初音ミク、宵崎奏、朝比奈まふゆ、東雲絵名、暁山瑞希2Dれるりり
0%
2022/09/30Journey29初音ミク、星乃一歌、花里みのり、小豆沢こはね、天馬司、宵崎奏3D
2D
DECO*27
0%
2020/10/03Just Be Friends28巡音ルカ、小豆沢こはね、白石杏2DDixie Flatline
0%
2021/05/17KING30天馬司、神代類2DKanaria
0%
2020/10/19Leia - Remind29巡音ルカゆよゆっぺ
0%
2021/09/01magic number30初音ミク2D伊東健人
0%
2023/04/01METEOR30初音ミクDIVELA
0%
2022/03/09Miku29初音ミク3DAnamanaguchi
0%
2020/09/30needLe29初音ミク、星乃一歌、天馬咲希、望月穂波、日野森志歩3DDECO*27
0%
2020/09/30Nostalogic29MEIKO、桐谷遥、日野森雫2Dyuukiss
0%
2020/12/24ODDS&ENDS29初音ミクryo
0%
2022/04/15ONESELF30初音ミクTwinfield
0%
2020/10/14on the rocks27MEIKO、KAITOOSTER project
0%
2022/04/18PaⅢ.SENSATION29初音ミク、鏡音リン、小豆沢こはね、白石杏3D
2D
雄之助
0%
2022/02/18Peaky Peaky28KAITO、星乃一歌、天馬咲希、望月穂波、日野森志歩2DみきとP
0%
2021/01/31RAD DOGS30初音ミク、小豆沢こはね、白石杏、東雲彰人、青柳冬弥2D八王子P
0%
2021/10/12ray26初音ミク、星乃一歌、天馬咲希、望月穂波、日野森志歩3D
2D
藤原基央
0%
2020/09/30Ready Steady29初音ミク、小豆沢こはね、白石杏、東雲彰人、青柳冬弥3DGiga
0%
2020/09/30ヒバナ -Reloaded-32初音ミク、星乃一歌2DDECO*27
0%
2023/05/12Sharing The World27初音ミクBIGHEAD
0%
2021/11/18STAGE OF SEKAI30鏡音レン、星乃一歌、天馬咲希、望月穂波、日野森志歩3D
2D
針原翼(はりーP)
0%
2020/09/30Tell Your World26初音ミク3Dkz(livetune)
0%
2022/01/09the EmpErroR36Inst. ver.原曲sasakure.UK
0%
2022/11/18the WALL30初音ミク、星乃一歌、天馬咲希、望月穂波、日野森志歩3DbuzzG
0%
2023/09/19Un-Lock28巡音ルカ無力P
0%
2022/09/16Voices30鏡音リン、星乃一歌、天馬咲希、望月穂波、日野森志歩3Dゆよゆっぺ
0%
2023/06/07Wonder Style28初音ミクcolate
0%
2022/08/22YY29初音ミク、小豆沢こはね、白石杏、東雲彰人、青柳冬弥原曲23.exe
0%

Score Distribution

Percentile by Number Answered

Percent of People with Each Score

Your Score History

You have not taken this quiz since the last reset